000 00594nam a22002297a 4500
003 UA-OsUOA
001 94495
007 ta
008 20130212b un ||||| |||| 00| 0 ukr d
100 _aДавыдов Ю.
090 _a821.161.1
_bД13
942 _cBK
040 _aUA-OsUOA
_brus
_cUA-OsUOA
_dUA-OsUOA
245 _aМарт
_bроман
300 _a335 с.
955 _a3
041 _arus
080 _a821.161.1
260 _aМ.
_bДетская литература
_c1974
650 7 _a82 Література. Літературознавство
_2UDC
999 _c380745
_d380745